|
|
|
|
| LEADER |
00000nam0a2200000 4500 |
| 001 |
91232 |
| 005 |
20231101213747.0 |
| 010 |
|
|
|a 5769525878
|b (в пер.)
|b 5000 экз.
|
| 021 |
|
|
|a RU
|b 05-84184
|9 05-4164
|
| 035 |
|
|
|a (RuTPU)RU\TPU\book\97816
|
| 090 |
|
|
|a 91232
|
| 100 |
|
|
|a 20060221d2006 m y0rusy5002 ca
|
| 101 |
0 |
|
|a rus
|
| 102 |
|
|
|a RU
|
| 105 |
|
|
|a y j 001zy
|
| 200 |
1 |
|
|a Основы противодействия терроризму
|e учебное пособие
|f сост. Я. Д. Вишняков, Г. А. Бондаренко, С. Г. Васин, Е. В. Грацианский
|
| 210 |
|
|
|a Москва
|c Academia
|d 2006
|
| 215 |
|
|
|a 235, [1] с.
|
| 225 |
1 |
|
|a Высшее профессиональное образование
|i Безопасность жизнедеятельности
|
| 320 |
|
|
|a Библиогр.: с. 233-234.
|
| 330 |
|
|
|a Учебное пособие посвящено проблеме противодействия терроризму во всех его многообразных проявлениях. Изложены причины возникновения терроризма. Особое внимание уделено необходимым и возможным мерам по устранению социальной основы терроризма, ликвидации последствий террористических воздействий, вопросам защиты промышленных объектов и объектов инфраструктуры от террористических воздействий. Для студентов высших учебных заведений. Может быть полезно для преподавателей колледжей, учителей общеобразовательных школ.
|
| 606 |
1 |
|
|a Терроризм международный
|x Внешняя политика
|2 stltpush
|3 (RuTPU)RU\TPU\subj\60013
|9 77504
|
| 610 |
1 |
|
|a терроризм
|
| 610 |
1 |
|
|a политика
|
| 610 |
1 |
|
|a международные проблемы
|
| 610 |
1 |
|
|a противодействие
|
| 610 |
1 |
|
|a Россия
|
| 610 |
1 |
|
|a зарубежные страны
|
| 610 |
1 |
|
|a террористические акции
|
| 610 |
1 |
|
|a террористы
|
| 610 |
1 |
|
|a финансирование
|
| 610 |
1 |
|
|a чрезвычайные ситуации
|
| 610 |
1 |
|
|a ликвидация
|
| 610 |
1 |
|
|a промышленные объекты
|
| 610 |
1 |
|
|a защита
|
| 610 |
1 |
|
|a информационные технологии
|
| 610 |
1 |
|
|a население
|
| 610 |
1 |
|
|a безопасность
|
| 610 |
1 |
|
|a учебные пособия
|
| 686 |
|
|
|a Ф4(0)3я73
|v LBC/SL-A
|2 rubbk
|
| 702 |
|
1 |
|a Вишняков
|b Я. Д.
|g Яков Дмитриевич
|4 220
|
| 702 |
|
1 |
|a Бондаренко
|b Г. А.
|g Геннадий Андреевич
|4 220
|
| 702 |
|
1 |
|a Васин
|b С. Г.
|g Сергей Григорьевич
|4 220
|
| 702 |
|
1 |
|a Грацианский
|b Е. В.
|g Евгений Васильевич
|4 220
|
| 801 |
|
0 |
|a RU
|b RKP
|c 20060209
|g PSBO
|
| 801 |
|
1 |
|a RU
|b 63413507
|c 20060221
|g PSBO
|
| 801 |
|
2 |
|a RU
|b 63413507
|c 20140314
|g PSBO
|
| 900 |
|
|
|a Безопасность жизнедеятельности
|
| 900 |
|
|
|a Менеджмент...
|
| 942 |
|
|
|c BK
|
| 951 |
|
|
|b 080507
|